000 00494cam a2200205 4500
001 D2494
008 090401t1981 xxu||||| |||| 00| 0 eng d
035 _a(Sirsi) u69289
041 _aeng
050 _a692.80973
100 _aClough, Richard H.
245 _aConstruction contracting
250 _a4th
260 _aNew York
_bJohn Wiley and Sons
_c1981
300 _ax. 502p. 26cm
350 _a21.5
490 _aWiley-Interscience Publication
942 _n0
948 _c04/03/1997
999 _c95183
_d95183